The king of staten island / directed by Judd Apatow ; written by Judd Apatow, Pete Davidson and Dave Sirus ; produced by Barry Mendel and Judd Apatow. (Record no. 21009)

000 -LEADER
fixed length control field 01448nam a22003497a 4500
008 - FIXED-LENGTH DATA ELEMENTS--GENERAL INFORMATION
fixed length control field 250530b xxu||||| |||| 00| 0 eng d
040 ## - CATALOGING SOURCE
Transcribing agency Cagayan State University
082 ## - DEWEY DECIMAL CLASSIFICATION NUMBER
Edition number 791.4372
Classification number K54
245 ## - TITLE STATEMENT
Title The king of staten island / directed by Judd Apatow ; written by Judd Apatow, Pete Davidson and Dave Sirus ; produced by Barry Mendel and Judd Apatow.
260 ## - PUBLICATION, DISTRIBUTION, ETC. (IMPRINT)
Place of publication, distribution, etc United States :
Name of publisher, distributor, etc Universal Pictures,
Date of publication, distribution, etc 2020.
300 ## - PHYSICAL DESCRIPTION
Extent 1 videofile, (ca. 135 mins.) :
Other physical details sound, color.
520 ## - SUMMARY, ETC.
Summary, etc Scott has been a case of arrested development since his firefighter dad died. He spends his days smoking weed and dreaming of being a tattoo artist until events force him to grapple with his grief and take his first steps forward in life.
521 ## - TARGET AUDIENCE NOTE
Target audience note Rated R for language and drug use throughout, sexual content and some violence/bloody images.
546 ## - LANGUAGE NOTE
Language note In English subtitle.
650 ## - SUBJECT ADDED ENTRY--TOPICAL TERM
Topical term or geographic name as entry element Comedy-of-Age.
650 ## - SUBJECT ADDED ENTRY--TOPICAL TERM
Topical term or geographic name as entry element Dark Comedy.
650 ## - SUBJECT ADDED ENTRY--TOPICAL TERM
Topical term or geographic name as entry element Stoner Comedy.
650 ## - SUBJECT ADDED ENTRY--TOPICAL TERM
Topical term or geographic name as entry element Tradegy.
650 ## - SUBJECT ADDED ENTRY--TOPICAL TERM
Topical term or geographic name as entry element Comedy
650 ## - SUBJECT ADDED ENTRY--TOPICAL TERM
Topical term or geographic name as entry element Drama.
700 ## - ADDED ENTRY--PERSONAL NAME
Personal name Davidson, Pete, star.
700 ## - ADDED ENTRY--PERSONAL NAME
Personal name Tomei, Marisa, star.
700 ## - ADDED ENTRY--PERSONAL NAME
Personal name Burr, Bill, star.
700 ## - ADDED ENTRY--PERSONAL NAME
Personal name Powley, Bell, star.
700 ## - ADDED ENTRY--PERSONAL NAME
Personal name Apatow, Maude, star.
700 ## - ADDED ENTRY--PERSONAL NAME
Personal name Buscemi, Steve, star.
700 ## - ADDED ENTRY--PERSONAL NAME
Personal name Elswit, Robert, cinematographer.
700 ## - ADDED ENTRY--PERSONAL NAME
Personal name Cassidy, Jay, editor.
700 ## - ADDED ENTRY--PERSONAL NAME
Personal name Kerr, Williams, editor.
700 ## - ADDED ENTRY--PERSONAL NAME
Personal name Scott Olds, Brian, editor.
942 ## - ADDED ENTRY ELEMENTS (KOHA)
Source of classification or shelving scheme
Item type Audio-Visual Materials
Holdings
Source of acquisition Price effective from Permanent location Date last seen Not for loan Date acquired Source of classification or shelving scheme Koha item type Collection code Shelving location Damaged status Lost status Withdrawn status Current location Full call number
Donation2025-05-30Cagayan State University - Carig Library2025-05-30 2025-05-30 Audio-Visual MaterialsElectronic Media CenterElectronic Media Center   Cagayan State University - Carig LibraryK54

Cagayan State University University Library, Carig Campus
Tuguegarao City, Cagayan 3500 | www.csucarig.edu.ph

Powered by Koha